Komparácia poistných podvodov na Slovensku a v Českej republike bakalárska práca

Na minha lista:
Detalhes bibliográficos
Autor principal: Kurila, Jakub
Autor Corporativo: Národohospodárska fakulta EU. Katedra ekonómie
Outros Autores: Chrančoková, Martina, 1984-
Formato: Livro
Idioma:eslovaco
Publicado em: Bratislava 2021
Tags: Adicionar Tag
Sem tags, seja o primeiro a adicionar uma tag!

MARC

LEADER 00000nbm a2200000 4500
001 0275066
005 20220121143834.5
041 0 |a slo 
044 |a SK 
245 1 0 |a Komparácia poistných podvodov na Slovensku a v Českej republike  |b bakalárska práca  |c Jakub Kurila ; školiteľ: Martina Chrančoková 
264 1 |a Bratislava  |c 2021 
300 |a 67 s. 
100 1 |a Kurila, Jakub 
700 1 |a Chrančoková, Martina, 1984- 
710 2 |a Národohospodárska fakulta EU. Katedra ekonómie